Normal view
MARC view
- A, Ganesh
Entry Personal Name
001 - CONTROL NUMBER
- control field: 102538
003 - CONTROL NUMBER IDENTIFIER
- control field: NUST
005 - DATE AND TIME OF LATEST TRANSACTION
- control field: 20221111094602.0
008 - FIXED-LENGTH DATA ELEMENTS
- fixed length control field: 221111|| aca||aabn | a|a d
040 ## - CATALOGING SOURCE
- Original cataloging agency: NUST
- Transcribing agency: NUST
100 ## - HEADING--PERSONAL NAME
- Personal name: A, Ganesh
670 ## - SOURCE DATA FOUND
- Source citation: Work cat.: (NUST): A, Ganesh, Linear Algebra and its Applications / , 2014
